| 000 | 00568nam a2200205 i 4500 | ||
|---|---|---|---|
| 001 | 10384 | ||
| 003 | ES-MaACL | ||
| 005 | 20240314063020.0 | ||
| 007 | t| | ||
| 008 | 950529s1995 sp ||||1| spa d | ||
| 020 | _a84-204-8155-6 | ||
| 080 | _a86(Millán,J.7 N.01) | ||
| 080 | _a86-311.9"19" | ||
| 100 | 1 |
_aMillán, José Antonio, _d1954- _981131 |
|
| 245 | 1 | 0 |
_aNueva Lisboa / _cJosé Antonio Millán. |
| 260 |
_aMadrid : _bAlfaguara, _cD.L. 1995. |
||
| 300 |
_a351 p. ; _c22 cm. |
||
| 852 |
_aES-MaACL _jL-17885 _bR.123925 |
||
| 999 |
_c10384 _d10384 |
||